Modelování úhrnných finančních vztahů sbírka příkladů

Uložené v:
Podrobná bibliografia
Hlavný autor: Pavelka, František
Korporativný autor: Vysoká škola ekonomická v Praze. Národohospodářská fakulta
Médium: Kniha
Jazyk:Czech
Vydavateľské údaje: Praha Státní pedagogické nakladatelství 1985
Tagy: Pridať tag
Žiadne tagy, Buďte prvý, kto otaguje tento záznam!

MARC

LEADER 00000nam a2200000 4500
001 c105125
005 20190423104800.8
041 0 |a cze 
044 |a CZ 
245 1 0 |a Modelování úhrnných finančních vztahů  |b sbírka příkladů  |c František Pavelka 
264 1 |a Praha  |b Státní pedagogické nakladatelství  |c 1985 
300 |a 93 s. 
100 1 |a Pavelka, František 
710 2 |a Vysoká škola ekonomická v Praze. Národohospodářská fakulta